| 000 | 004660000a22001930004500 | ||
|---|---|---|---|
| 003 | LK-CoMWRAF | ||
| 005 | 20230908141145.0 | ||
| 008 | 230817t1997 ||||| |||| 00| 0 eng d | ||
| 020 | _a8186939008 | ||
| 040 |
_aLK-CoMWRAF _dLK-CoMWRAF _eLK-CoMWRAF |
||
| 041 | _aeng | ||
| 082 |
_a823 _bROY |
||
| 100 | _aRoy, Arundhathi | ||
| 245 | _aThe God of small things | ||
| 260 |
_aNew Delhi : _bIndiaInk, _c1997 |
||
| 300 | _a339p | ||
| 650 | _aEnglish Fiction | ||
| 942 | _cBK | ||
| 999 |
_c46 _d46 |
||